| 000 | 007250000a22002410004500 | ||
|---|---|---|---|
| 090 |
_aMM _b00176 |
||
| 111 | 2 |
_aBiblioteca ambiental digital, 3 _9100951 |
|
| 245 | 1 | 0 | _aPrograma de manejo de recursos naturales |
| 300 | _bCD-ROM | ||
| 500 | _aRequerimientos del sistema: Arc-View 3.0 o superior | ||
| 650 | 1 | 4 |
_aManejo de recursos naturales _94728 |
| 650 | 1 | 4 |
_aRecursos forestales _992984 |
| 650 | 1 | 4 |
_aConservación de bosques _9100953 |
| 650 | 1 | 4 |
_aMapas _992258 |
| 650 | 1 | 4 |
_aCartografía _992714 |
| 651 | 4 |
_pColombia _992749 |
|
| 041 | 0 | _aEspañol | |
| 044 | _aColombia | ||
| 110 | 1 |
_lColombia _aMinisterio del Medio Ambiente _997884 |
|
| 260 |
_aBogotá _bMinambiente _c2002 |
||
| 260 | _bUNEP | ||
| 942 | _cCD-ROM | ||
| 999 |
_c16552 _d16552 |
||